000 01060nam a2200433Ia 4500
001 3877
005 20240113233658.0
007 ta
008 050604s 199 g b000 u eng u
020 _a81-224-1113-4
040 _aCotton College,Assam
041 _aeng
082 _a512.5
_bBi 54 Te
100 _aBiswas, Suddhendu .
245 0 _aA Text Book of Matrix Algebra /
_cSuddhendu Biswas.
_hTextual Documents
250 _a2nd ed. /
260 _aNew Delhi :
_bNew Age International ( P ) Limited ,
_cC 1997.
300 _a431p. ;
_c24cm.
504 _aIndex
653 _aMathematics
653 _aMatrix Algebra
653 _aAlgebra-Matrix
653 _aPG-Mathematics
653 _aG-Math
942 _2ddc
_cBK
999 _c3865
_d3865